000 00376 a2200133 4500
001 91258
082 _aPR 1164
090 _c43345
_d43345
100 _aUsman Latif; Prof Muhammad Ismail (Advisor)
245 _aPrediction of Potential Flow over an Oscillating Wing
_n41 "A" EC
260 _aKarachi
_bNED University
_c1994
300 _avi,58p
500 _aBE Project Reports
942 _aCAE NUST
_kPR 1164
999 _c326331
_d326331